[Event "28th Africa-ch U20"]
[Site "Hammamet TUN"]
[Date "2016.11.30"]
[Round "5"]
[White "Atia, Mohamed"]
[Black "Mulenga, Chileshe Rapheal"]
[Result "1-0"]
[WhiteElo "1832"]
[BlackElo "1915"]
[EventDate "2016.11.26"]
[PlyCount "105"]

1.e4 c5 2.Nf3 Nc6 3.d4 cxd4 4.Nxd4 Nf6 5.Nc3 e5 6.Ndb5 d6 7.Bg5 a6 8.Bxf6 
gxf6 9.Na3 f5 10.Qh5 b5 11.Naxb5 axb5 12.Bxb5 Bb7 13.Bc4 Qf6 14.Nd5 Qg6 
15.Qxg6 fxg6 16.Nc7+ Kd7 17.Nxa8 Bxa8 18.O-O f4 19.c3 Be7 20.Rfd1 Rc8 21.
Bd5 Na5 22.Bxa8 Rxa8 23.Kf1 Bd8 24.Ke2 Bb6 25.b4 Nc4 26.a4 Nb2 27.Ra2 Rxa4
28.Rxa4 Nxa4 29.Kd3 Kc6 30.Kc4 Bc7 31.f3 Nb6+ 32.Kb3 Kb5 33.Ra1 h5 34.Ra2 
g5 35.Rd2 g4 36.fxg4 hxg4 37.h3 g3 38.h4 Nd7 39.h5 Nf6 40.h6 Bb6 41.Rxd6 
f3 42.c4+ Ka6 43.c5 fxg2 44.Rd1 Bd8 45.Rg1 Nxe4 46.Rxg2 Bg5 47.h7 Bf6 48.
Kc4 Bh8 49.Kd5 Nf6+ 50.Kc6 Ka7 51.Rxg3 e4 52.Rg8 e3 53.b5 1-0

[Event "28th Africa-ch U20"]
[Site "Hammamet TUN"]
[Date "2016.11.30"]
[Round "5"]
[White "Ben Brahem, Aymen"]
[Black "Nassr, Ahmed"]
[Result "0-1"]
[WhiteElo "1733"]
[BlackElo "2052"]
[EventDate "2016.11.26"]
[PlyCount "54"]

1.e4 e6 2.d3 d5 3.Nd2 Nf6 4.Ngf3 c5 5.g3 Nc6 6.Bg2 Be7 7.O-O O-O 8.e5 Nd7 
9.Re1 b5 10.Nf1 a5 11.h4 b4 12.Bf4 a4 13.a3 bxa3 14.bxa3 Ba6 15.N1h2 Rb8 
16.Ng5 Nd4 17.Qh5 h6 18.Ng4 hxg5 19.hxg5 g6 20.Nh6+ Kg7 21.Qh4 Rh8 22.Bxd5
exd5 23.Qg4 Ne6 24.Qf3 Rf8 25.Kg2 Bxg5 26.Rh1 Nxf4+ 27.gxf4 Bxh6 0-1

[Event "28th Africa-ch U20"]
[Site "Hammamet TUN"]
[Date "2016.11.30"]
[Round "5"]
[White "Mohammed, Naoueli"]
[Black "Aloulou, Mahmoud"]
[Result "0-1"]
[WhiteElo "2044"]
[BlackElo "1722"]
[EventDate "2016.11.26"]
[PlyCount "98"]

1.e4 e5 2.Bc4 Nf6 3.Nc3 Nxe4 4.Qh5 Nd6 5.Bb3 Be7 6.Nf3 Nc6 7.Nxe5 g6 8.
Nxc6 bxc6 9.Qf3 O-O 10.d3 Nb5 11.Bd2 d5 12.O-O-O Nd4 13.Qf4 Ne6 14.Qf3 Nd4
15.Qf4 Ne6 16.Qg3 Bh4 17.Qf3 Nd4 18.Qf4 Ne6 19.Qf3 Nd4 20.Qf4 Ne6 21.Qa4 
Bd7 22.g3 Be7 23.h4 h5 24.g4 Nc5 25.Qf4 Bxg4 26.f3 Ne6 27.Qg3 Bf5 28.Ne2 
a5 29.a4 Bf6 30.d4 Nxd4 31.Nxd4 Bxd4 32.Bxa5 Bxb2+ 33.Kxb2 Rxa5 34.Qe5 Qd6
35.Qc3 Raa8 36.a5 Rfe8 37.Rhe1 Rxe1 38.Rxe1 d4 39.Qd2 Qc5 40.Ra1 Qe5 41.a6
c5 42.a7 Be6 43.Re1 Qf6 44.Qa5 Bxb3 45.Qxc7 Bd5 46.Qb8+ Kh7 47.Re5 d3 48.
c3 Bxf3 49.Rxc5 d2 0-1

[Event "28th Africa-ch U20"]
[Site "Hammamet TUN"]
[Date "2016.11.30"]
[Round "5"]
[White "Naser Eldean, Ahmed"]
[Black "Baktache, Hamza"]
[Result "1-0"]
[WhiteElo "1880"]
[BlackElo "1632"]
[EventDate "2016.11.26"]
[PlyCount "41"]

1.e4 e6 2.d4 d5 3.Nc3 Nf6 4.Bg5 Be7 5.e5 Nfd7 6.Bxe7 Qxe7 7.f4 a6 8.Nf3 c5
9.dxc5 Qxc5 10.Qd2 O-O 11.O-O-O Nc6 12.Bd3 f6 13.Rde1 fxe5 14.fxe5 b5 15.
Qg5 Nb6 16.Bxh7+ Kxh7 17.Qh5+ Kg8 18.Ng5 Rf5 19.Rhf1 Nd4 20.Rxf5 Nxf5 21.
Qf7+ 1-0

[Event "28th Africa-ch U20"]
[Site "Hammamet TUN"]
[Date "2016.12.01"]
[Round "6"]
[White "Silva, David"]
[Black "Nassr, Ali"]
[Result "0-1"]
[WhiteElo "2256"]
[BlackElo "2221"]
[EventDate "2016.11.26"]
[PlyCount "80"]

1.d4 Nf6 2.c4 e6 3.Nc3 Bb4 4.f3 d5 5.a3 Bxc3+ 6.bxc3 h6 7.cxd5 exd5 8.e3 
Bf5 9.Bd3 Bxd3 10.Qxd3 O-O 11.Ne2 Re8 12.O-O c5 13.Nf4 c4 14.Qb1 Qc7 15.
Re1 Qc6 16.Ra2 Nbd7 17.Rae2 b5 18.Qf5 Nf8 19.g4 g6 20.Qc2 Kg7 21.e4 dxe4 
22.fxe4 Re7 23.d5 Qc5+ 24.Be3 Qd6 25.e5 Rxe5 26.Ne6+ Rxe6 27.dxe6 Nxe6 28.
Bc1 Qc5+ 29.Be3 Qxa3 30.Bxh6+ Kxh6 31.Rxe6 Qc5+ 32.R6e3 Nxg4 33.Qe4 Nxe3 
34.Rxe3 Rd8 35.Qh4+ Kg7 36.Qf2 Rd3 37.Rxd3 Qxf2+ 38.Kxf2 cxd3 39.Ke3 a5 
40.Kxd3 a4 0-1

[Event "28th Africa-ch U20"]
[Site "Hammamet TUN"]
[Date "2016.12.01"]
[Round "6"]
[White "Atia, Mohamed"]
[Black "Hbacha, Achraf"]
[Result "1/2-1/2"]
[WhiteElo "1832"]
[BlackElo "2057"]
[EventDate "2016.11.26"]
[PlyCount "29"]

1.e4 d5 2.exd5 Nf6 3.Nf3 Nxd5 4.d4 c6 5.c4 Nf6 6.Nc3 Bg4 7.Be2 e6 8.h3 Bh5
9.Be3 Nbd7 10.O-O Bd6 11.Rc1 O-O 12.d5 exd5 13.cxd5 Nxd5 14.Nxd5 Ne5 15.
Nb4 1/2-1/2

[Event "28th Africa-ch U20"]
[Site "Hammamet TUN"]
[Date "2016.12.01"]
[Round "6"]
[White "Aguiar, Cristiano"]
[Black "Nassr, Ahmed"]
[Result "1-0"]
[WhiteElo "2205"]
[BlackElo "2052"]
[EventDate "2016.11.26"]
[PlyCount "63"]

1.d4 Nf6 2.c4 e6 3.Nc3 d5 4.cxd5 exd5 5.Bg5 c6 6.Qc2 Be7 7.e3 Nbd7 8.Bd3 
O-O 9.Nge2 Re8 10.f3 Nf8 11.O-O-O Be6 12.Bh4 Rc8 13.Kb1 b5 14.Nf4 h6 15.g4
b4 16.Na4 N6d7 17.Bxe7 Qxe7 18.g5 h5 19.Nxh5 c5 20.Ba6 b3 21.axb3 Rb8 22.
dxc5 g6 23.Nf4 Bf5 24.Bd3 Qxe3 25.Nxd5 Qxf3 26.Bxf5 gxf5 27.c6 Re2 28.Qc3 
Qe4+ 29.Ka2 Ne5 30.Nf6+ Kg7 31.Nxe4 Rxe4 32.c7 1-0

[Event "28th Africa-ch U20"]
[Site "Hammamet TUN"]
[Date "2016.12.01"]
[Round "6"]
[White "Houimel, Omar"]
[Black "Mulenga, Chileshe Rapheal"]
[Result "1-0"]
[WhiteElo "1980"]
[BlackElo "1915"]
[EventDate "2016.11.26"]
[PlyCount "57"]

1.e4 c5 2.Nf3 Nc6 3.d4 cxd4 4.Nxd4 Nf6 5.Nc3 d6 6.Bc4 e5 7.Nf5 Bxf5 8.exf5
Be7 9.Be3 Qa5 10.O-O O-O 11.Qf3 Rfd8 12.Rad1 Rac8 13.Bb3 Bf8 14.g4 Rd7 15.
g5 Ne8 16.g6 Nd8 17.Bg5 Nf6 18.Bxf6 gxf6 19.Qh5 hxg6 20.fxg6 Bg7 21.gxf7+ 
Kf8 22.Kh1 Rxc3 23.bxc3 Nxf7 24.Bxf7 Rxf7 25.Rxd6 Qc7 26.Rfd1 Kg8 27.Qg6 
b6 28.Rd8+ Rf8 29.R1d7 1-0

[Event "28th Africa-ch U20"]
[Site "Hammamet TUN"]
[Date "2016.12.01"]
[Round "6"]
[White "Naser Eldean, Ahmed"]
[Black "Bouchamla, Alaa"]
[Result "0-1"]
[WhiteElo "1880"]
[BlackElo "1670"]
[EventDate "2016.11.26"]
[PlyCount "126"]

1.e4 e6 2.d4 d5 3.Nc3 Nf6 4.Bg5 Be7 5.e5 Nfd7 6.Bxe7 Qxe7 7.f4 a6 8.Nf3 c5
9.dxc5 Nxc5 10.Bd3 Nc6 11.O-O b5 12.a3 b4 13.Ne2 a5 14.Ned4 Nxd4 15.Nxd4 
Ba6 16.Bxa6 Rxa6 17.axb4 axb4 18.Nc6 Qb7 19.Rxa6 Nxa6 20.Nd4 O-O 21.Qd3 
Nc5 22.Qb5 Qxb5 23.Nxb5 Ra8 24.c3 Ra5 25.Nd6 b3 26.f5 Nd3 27.fxe6 fxe6 28.
Nc8 h6 29.Ne7+ Kh7 30.Nc6 Ra2 31.Rb1 Rxb2 32.Rxb2 Nxb2 33.Nd4 Nd3 34.Nxb3 
Kg6 35.Nd4 Kf7 36.Nf3 Nc1 37.Nd2 Ne2+ 38.Kf2 Nxc3 39.Ke3 Nb5 40.Nb3 g5 41.
Nc5 h5 42.g3 Na7 43.h4 Nc6 44.Nd3 Kg6 45.hxg5 Kxg5 46.Nf4 Kf5 47.Nxh5 Kxe5
48.Nf4 d4+ 49.Kd3 Kf5 50.Ne2 e5 51.Kc4 Ke4 52.g4 Ne7 53.g5 Ke3 54.Ng3 Kf3 
55.Nf1 Kf2 56.Nd2 Ke2 57.Nb3 Ke3 58.Nc5 e4 59.Na4 d3 60.Nb2 d2 61.Nd1+ Kf3
62.Kd4 Nf5+ 63.Kc4 Ne3+ 0-1

[Event "28th Africa-ch U20"]
[Site "Hammamet TUN"]
[Date "2016.12.01"]
[Round "6"]
[White "Aloulou, Mahmoud"]
[Black "Ben Brahem, Aymen"]
[Result "1-0"]
[WhiteElo "1722"]
[BlackElo "1733"]
[EventDate "2016.11.26"]
[PlyCount "75"]

1.e4 c5 2.Nf3 d6 3.d4 cxd4 4.Nxd4 Nf6 5.Nc3 g6 6.Be3 Bg7 7.f3 O-O 8.Qd2 
Nc6 9.O-O-O Nxd4 10.Bxd4 Be6 11.Kb1 Qc7 12.Nd5 Bxd5 13.exd5 Rac8 14.Rc1 a5
15.h4 h5 16.g3 a4 17.Bh3 a3 18.Bxc8 axb2 19.Bxb2 Qc4 20.a3 Nxd5 21.Qd3 Qc5
22.c4 Qb6 23.Rh2 Nc3+ 24.Kc2 Nb5 25.cxb5 Rxc8+ 26.Kb1 Rxc1+ 27.Bxc1 Qg1 
28.Re2 Qxg3 29.Rxe7 Qxh4 30.Rxb7 Qf6 31.Rd7 h4 32.Rxd6 Qa1+ 33.Kc2 h3 34.
Rd8+ Kh7 35.Qc4 Qf6 36.Rd2 Qxf3 37.Qh4+ Bh6 38.Qxh6+ 1-0

[Event "28th Africa-ch U20"]
[Site "Hammamet TUN"]
[Date "2016.12.01"]
[Round "6"]
[White "Baktache, Hamza"]
[Black "Mohammed, Naoueli"]
[Result "0-1"]
[WhiteElo "1632"]
[BlackElo "2044"]
[EventDate "2016.11.26"]
[PlyCount "80"]

1.d4 Nf6 2.Nf3 c5 3.c3 d5 4.g3 Nc6 5.Bg2 e6 6.O-O Bd6 7.dxc5 Bxc5 8.c4 d4 
9.Ne1 O-O 10.Nd3 Bd6 11.Bg5 h6 12.Bxf6 Qxf6 13.Nd2 Qe7 14.Ne4 Bc7 15.Nec5 
e5 16.Qa4 Bb6 17.b4 Bxc5 18.Nxc5 a5 19.Bxc6 bxc6 20.Qxc6 Bh3 21.Rfb1 axb4 
22.Nd3 Bf5 23.Rxb4 Bxd3 24.Rb7 Qa3 25.exd3 Qxd3 26.a4 e4 27.Re7 e3 28.fxe3
dxe3 29.Qe4 Qc3 30.Rf1 Rac8 31.Qxe3 Qxc4 32.a5 Ra8 33.Ra1 Ra6 34.Ra7 Re6 
35.Qf4 Re4 36.Qf2 Re2 37.Qf4 Qc5+ 38.Kf1 Rxh2 39.Rc7 Rh1+ 40.Ke2 Qb5+ 0-1

[Event "28th Africa-ch U20"]
[Site "Hammamet TUN"]
[Date "2016.12.01"]
[Round "7"]
[White "Nassr, Ali"]
[Black "Atia, Mohamed"]
[Result "1-0"]
[WhiteElo "2221"]
[BlackElo "1832"]
[EventDate "2016.11.26"]
[PlyCount "83"]

1.d4 Nf6 2.Nf3 e6 3.Bf4 c5 4.e3 b6 5.h3 Bb7 6.Bd3 Be7 7.Nbd2 d6 8.O-O O-O 
9.c3 Nbd7 10.Qe2 cxd4 11.exd4 a6 12.Rfe1 b5 13.a4 b4 14.c4 a5 15.b3 Re8 
16.Rad1 Bc6 17.Bc2 Qb6 18.Bg5 Qb7 19.Qd3 Nf8 20.Bb1 Rad8 21.Qc2 h6 22.Bf4 
N8d7 23.Bg3 Qa8 24.Re3 Nf8 25.Rde1 Qb7 26.Nf1 Rd7 27.Qe2 Qa7 28.Rd1 Bb7 
29.Bh4 Rc8 30.d5 Rdd8 31.dxe6 fxe6 32.Nd4 e5 33.Nf5 Bc6 34.Rg3 Ne6 35.
Nxh6+ Kf8 36.Nf5 Qb7 37.Bxf6 Bxf6 38.Qh5 Nf4 39.Qh8+ Kf7 40.Rxg7+ Bxg7 41.
Qxg7+ Ke6 42.Nd4+ 1-0

[Event "28th Africa-ch U20"]
[Site "Hammamet TUN"]
[Date "2016.12.01"]
[Round "7"]
[White "Silva, David"]
[Black "Aguiar, Cristiano"]
[Result "0-1"]
[WhiteElo "2256"]
[BlackElo "2205"]
[EventDate "2016.11.26"]
[PlyCount "51"]

1.d4 Nf6 2.c4 e6 3.Nc3 d5 4.Bg5 Nbd7 5.cxd5 exd5 6.Nxd5 Nxd5 7.Bxd8 Bb4+ 
8.Qd2 Kxd8 9.Nf3 Bxd2+ 10.Kxd2 N7f6 11.a3 Ne4+ 12.Ke1 Re8 13.e3 c6 14.Ne5 
f6 15.Nd3 Nd6 16.Rc1 Bf5 17.Kd2 Kc7 18.h4 h5 19.Be2 Bg4 20.Bxg4 hxg4 21.g3
Ne4+ 22.Ke2 Nxg3+ 23.fxg3 Rxe3+ 24.Kd2 Rxg3 25.Rcg1 Rxg1 26.Rxg1 0-1

[Event "28th Africa-ch U20"]
[Site "Hammamet TUN"]
[Date "2016.12.01"]
[Round "7"]
[White "Hbacha, Achraf"]
[Black "Houimel, Omar"]
[Result "1/2-1/2"]
[WhiteElo "2057"]
[BlackElo "1980"]
[EventDate "2016.11.26"]
[PlyCount "110"]

1.e4 c5 2.Nf3 Nc6 3.g3 d6 4.Bg2 g6 5.c3 Nf6 6.d3 Bg7 7.O-O O-O 8.a4 Bd7 9.
h3 a6 10.Ne1 b5 11.f4 Rb8 12.g4 b4 13.Nc2 bxc3 14.bxc3 Na5 15.Be3 Bc6 16.
Bf2 Qc7 17.Ra2 Qb7 18.Ne3 c4 19.e5 Nd5 20.Nxd5 Bxd5 21.Bxd5 Qxd5 22.d4 Qe4
23.Bh4 Rb7 24.Re2 Qc6 25.Nd2 Rfb8 26.Ne4 Nb3 27.exd6 exd6 28.Nf6+ Bxf6 29.
Bxf6 d5 30.g5 Qd7 31.Qe1 Qc8 32.Qh4 Qf8 33.Rfe1 Na5 34.Be7 Rxe7 35.Rxe7 
Nb7 36.Qg4 Nd6 37.Qd7 Ne4 38.Qxd5 Qxe7 39.Rxe4 Qc7 40.Re5 Qb6 41.Qf3 Qb1+ 
42.Kg2 Qc2+ 43.Re2 Qxa4 44.d5 Qb5 45.Rd2 a5 46.d6 Rd8 47.Qe4 a4 48.d7 a3 
49.Qe7 Qb8 50.Kg3 Qc7 51.Rd6 a2 52.Qe8+ Kg7 53.Qe5+ Kf8 54.Qh8+ Ke7 55.
Qf6+ Kf8 1/2-1/2

[Event "28th Africa-ch U20"]
[Site "Hammamet TUN"]
[Date "2016.12.01"]
[Round "7"]
[White "Bouchamla, Alaa"]
[Black "Aloulou, Mahmoud"]
[Result "0-1"]
[WhiteElo "1670"]
[BlackElo "1722"]
[EventDate "2016.11.26"]
[PlyCount "51"]

1.e4 e5 2.Nf3 Nf6 3.Nc3 Nc6 4.Bb5 Bc5 5.Nxe5 Bxf2+ 6.Kxf2 Nxe5 7.Be2 d5 8.
d4 Neg4+ 9.Kg1 dxe4 10.Bg5 h6 11.Bh4 g5 12.Bg3 Ne3 13.Qd2 Nf5 14.Be5 O-O 
15.Rf1 Re8 16.Qc1 Rxe5 17.dxe5 Qd4+ 18.Rf2 Qxe5 19.h4 e3 20.Rf3 g4 21.Rf1 
Ng3 22.Rd1 Be6 23.Rh2 Qxc3 24.bxc3 Nxe2+ 25.Kf1 Nxc1 26.Rxc1 0-1

[Event "28th Africa-ch U20"]
[Site "Hammamet TUN"]
[Date "2016.12.01"]
[Round "7"]
[White "Nassr, Ahmed"]
[Black "Mohammed, Naoueli"]
[Result "1-0"]
[WhiteElo "2052"]
[BlackElo "2044"]
[EventDate "2016.11.26"]
[PlyCount "93"]

1.d4 Nf6 2.Nf3 c5 3.d5 e6 4.c4 b5 5.Nc3 b4 6.Nb1 Bb7 7.Bg5 exd5 8.cxd5 Qb6
9.Bxf6 Qxf6 10.e4 Qxb2 11.Nbd2 Be7 12.Bc4 Qf6 13.O-O O-O 14.e5 Qg6 15.Re1 
Kh8 16.Qb3 f6 17.e6 d6 18.Ne4 a5 19.Qa4 Qe8 20.Qc2 f5 21.Ng3 f4 22.Ne4 Na6
23.Nfg5 Qh5 24.Nf7+ Kg8 25.Nexd6 Bxd5 26.Re5 b3 27.Rxh5 bxc2 28.Bxd5 Rab8 
29.Bb3 Bf6 30.Rc1 g6 31.Rh3 Nb4 32.g4 fxg3 33.Rxg3 Bb2 34.Rxc2 Nxc2 35.
Bxc2 Bf6 36.Bb3 Be7 37.Nf5 Rb7 38.h4 a4 39.Bd5 Rc7 40.h5 Rb8 41.hxg6 h6 
42.N5xh6+ Kg7 43.Nf5+ Kf6 44.Nxe7 Rxe7 45.g7 Rg8 46.Nh6 Rgxg7 47.Ng8+ 1-0

[Event "28th Africa-ch U20"]
[Site "Hammamet TUN"]
[Date "2016.12.01"]
[Round "7"]
[White "Ben Brahem, Aymen"]
[Black "Naser Eldean, Ahmed"]
[Result "1-0"]
[WhiteElo "1733"]
[BlackElo "1880"]
[EventDate "2016.11.26"]
[PlyCount "41"]

1.e4 c5 2.Nc3 d6 3.f4 Nc6 4.Nf3 g6 5.Bc4 Bg7 6.O-O e6 7.d3 Nge7 8.Qe1 O-O 
9.f5 exf5 10.Qh4 Ne5 11.Bg5 Re8 12.Nxe5 dxe5 13.Nd5 h5 14.Nxe7+ Rxe7 15.
Bxe7 Qd4+ 16.Qf2 Qxb2 17.Bxc5 b6 18.Rab1 Qc3 19.Bb4 Qd4 20.Qxd4 exd4 21.
Bd5 1-0

[Event "28th Africa-ch U20"]
[Site "Hammamet TUN"]
[Date "2016.12.01"]
[Round "7"]
[White "Mulenga, Chileshe Rapheal"]
[Black "Baktache, Hamza"]
[Result "1-0"]
[WhiteElo "1915"]
[BlackElo "1632"]
[EventDate "2016.11.26"]
[PlyCount "47"]

1.e4 e6 2.d4 d5 3.exd5 exd5 4.Bd3 Bd6 5.Nf3 Nf6 6.O-O O-O 7.Bg5 Bg4 8.Nbd2
Nbd7 9.c3 Re8 10.Qb3 Qc8 11.Rae1 Be6 12.Qc2 c6 13.Ne5 Be7 14.Nxd7 Bxd7 15.
Bxf6 Bxf6 16.Bxh7+ Kh8 17.Bd3 Qc7 18.Qd1 g6 19.f4 Rxe1 20.Qxe1 Kg7 21.Nf3 
Qxf4 22.Ne5 Bxe5 23.Rxf4 Bxf4 24.Qe7 1-0

[Event "28th Africa-ch U20"]
[Site "Hammamet TUN"]
[Date "2016.12.02"]
[Round "8"]
[White "Aloulou, Mahmoud"]
[Black "Nassr, Ali"]
[Result "1/2-1/2"]
[WhiteElo "1722"]
[BlackElo "2221"]
[EventDate "2016.11.26"]
[PlyCount "64"]

1.e4 c5 2.Nf3 e6 3.Nc3 Nc6 4.d4 cxd4 5.Nxd4 Nf6 6.Ndb5 d6 7.Bf4 e5 8.Bg5 
a6 9.Bxf6 gxf6 10.Na3 Be6 11.Nc4 Rc8 12.Ne3 Bh6 13.Ned5 Rg8 14.g3 Nd4 15.
Bg2 Bxd5 16.exd5 f5 17.O-O Qf6 18.Re1 Kf8 19.a4 Kg7 20.a5 Kh8 21.Ra4 Rc5 
22.Rb4 Rb8 23.Ra4 Bg7 24.Kh1 Qd8 25.f4 Rxa5 26.Rxa5 Qxa5 27.fxe5 Bxe5 28.
Rf1 Qb4 29.Ne2 Qxb2 30.Nxd4 Qxd4 31.Qh5 f6 32.Qxf5 Qc5 1/2-1/2

[Event "28th Africa-ch U20"]
[Site "Hammamet TUN"]
[Date "2016.12.02"]
[Round "8"]
[White "Aguiar, Cristiano"]
[Black "Ben Brahem, Aymen"]
[Result "1/2-1/2"]
[WhiteElo "2205"]
[BlackElo "1733"]
[EventDate "2016.11.26"]
[PlyCount "48"]

1.e4 c5 2.Nf3 d6 3.d4 cxd4 4.Nxd4 Nf6 5.Nc3 g6 6.Be3 Bg7 7.f3 O-O 8.Qd2 
Nc6 9.g4 Be6 10.O-O-O Nxd4 11.Bxd4 Qa5 12.Kb1 Rfc8 13.a3 Rab8 14.Nd5 Qxd2 
15.Rxd2 Bxd5 16.exd5 a6 17.g5 Nd7 18.Bh3 Bxd4 19.Rxd4 Rc7 20.f4 b5 21.Re1 
Kf8 22.Bf1 Rbc8 23.c3 Nb6 24.h4 Rc5 1/2-1/2

[Event "28th Africa-ch U20"]
[Site "Hammamet TUN"]
[Date "2016.12.02"]
[Round "8"]
[White "Nassr, Ahmed"]
[Black "Hbacha, Achraf"]
[Result "1-0"]
[WhiteElo "2052"]
[BlackElo "2057"]
[EventDate "2016.11.26"]
[PlyCount "60"]

1.d4 Nf6 2.Bf4 c5 3.e3 Qb6 4.Na3 Qxb2 5.Nb5 Nd5 6.a3 a6 7.Rb1 Qa2 8.Qc1 
axb5 9.Ra1 Qxa1 10.Qxa1 Nxf4 11.exf4 b4 12.a4 cxd4 13.Bb5 Nc6 14.Nf3 d5 
15.Qxd4 f6 16.Qxd5 Bd7 17.Nd4 Rd8 18.Nxc6 e6 19.Qb3 bxc6 20.Bxc6 Be7 21.
Qxe6 Bxc6 22.Qxc6+ Kf7 23.Qc4+ Kg6 24.O-O Rhe8 25.g4 h6 26.Re1 Rc8 27.Qe6 
Bd6 28.Qxe8+ Rxe8 29.Rxe8 Bxf4 30.a5 Bxh2+ 1-0

[Event "28th Africa-ch U20"]
[Site "Hammamet TUN"]
[Date "2016.12.02"]
[Round "8"]
[White "Houimel, Omar"]
[Black "Atia, Mohamed"]
[Result "1/2-1/2"]
[WhiteElo "1980"]
[BlackElo "1832"]
[EventDate "2016.11.26"]
[PlyCount "94"]

1.Nf3 Nf6 2.d4 e6 3.c4 Bb4+ 4.Nbd2 b6 5.a3 Bxd2+ 6.Bxd2 Bb7 7.Bg5 d6 8.h3 
Nbd7 9.e3 Qe7 10.Be2 O-O 11.O-O Rfe8 12.Qc2 Kh8 13.Rfe1 h6 14.Bh4 g5 15.
Bg3 Ne4 16.Bh2 f5 17.Nd2 Ndf6 18.Nxe4 Bxe4 19.Qb3 Bb7 20.Bd3 Be4 21.d5 
Bxd3 22.Qxd3 Nd7 23.b4 Qf6 24.dxe6 Qxe6 25.Qd4+ Kh7 26.Rac1 a5 27.f4 axb4 
28.axb4 Ra2 29.fxg5 hxg5 30.e4 fxe4 31.Qe3 Qg6 32.Rf1 Rf8 33.Rxf8 Nxf8 34.
c5 dxc5 35.bxc5 bxc5 36.Qxc5 Qb6 37.Bxc7 Qxc5+ 38.Rxc5 Ne6 39.Rc1 Nxc7 40.
Rxc7+ Kg6 41.Rc5 Kf6 42.Kf1 e3 43.Rc3 Rf2+ 44.Kg1 Re2 45.Kf1 Rf2+ 46.Ke1 
Rxg2 47.Rxe3 Kg6 1/2-1/2

[Event "28th Africa-ch U20"]
[Site "Hammamet TUN"]
[Date "2016.12.02"]
[Round "8"]
[White "Mohammed, Naoueli"]
[Black "Silva, David"]
[Result "0-1"]
[WhiteElo "2044"]
[BlackElo "2256"]
[EventDate "2016.11.26"]
[PlyCount "77"]

1.e4 e6 2.d4 d5 3.Nc3 Bb4 4.a3 Bxc3+ 5.bxc3 dxe4 6.Qg4 Nf6 7.Qxg7 Rg8 8.
Qh6 Nc6 9.Bb2 Rg6 10.Qd2 b6 11.O-O-O Bb7 12.c4 Qe7 13.Nh3 O-O-O 14.Nf4 
Rgg8 15.d5 e5 16.Ne2 Nb8 17.Ng3 Na6 18.Nf5 Qd7 19.Nh6 Rg6 20.Bxe5 Qe7 21.
Bd4 Qxa3+ 22.Bb2 Qf8 23.Nf5 Ne8 24.h4 Nc5 25.h5 Rg8 26.Nh6 Rg7 27.Nf5 Rg8 
28.Nh6 Rg7 29.Nf5 Rg8 30.Rh3 Nd6 31.Nh6 Rg7 32.Qd4 Ne8 33.Nf5 Rg5 34.Qe5 
Kb8 35.Qf4 Rxf5 36.Qxf5 Qh6+ 37.Re3 f6 38.Kb1 Bc6 39.d6 0-1

[Event "28th Africa-ch U20"]
[Site "Hammamet TUN"]
[Date "2016.12.02"]
[Round "8"]
[White "Naser Eldean, Ahmed"]
[Black "Mulenga, Chileshe Rapheal"]
[Result "1-0"]
[WhiteElo "1880"]
[BlackElo "1915"]
[EventDate "2016.11.26"]
[PlyCount "61"]

1.Nf3 Nf6 2.c4 c5 3.g3 Nc6 4.Bg2 d6 5.O-O e5 6.d3 Be7 7.Nc3 h5 8.h4 Ng4 9.
Nd5 Be6 10.Qa4 O-O 11.Nxe7+ Qxe7 12.Ng5 Bd7 13.Qd1 f6 14.Ne4 f5 15.Bg5 Nf6
16.Nc3 Qf7 17.Nb5 Ne8 18.e3 a6 19.Nc3 Be6 20.a3 Nf6 21.Bxf6 gxf6 22.Nd5 
Kg7 23.Rb1 Rh8 24.b4 Rab8 25.bxc5 dxc5 26.Rb6 f4 27.exf4 Rbg8 28.fxe5 fxe5
29.Qd2 Nd4 30.Rfb1 Rb8 31.Qg5+ 1-0

[Event "28th Africa-ch U20"]
[Site "Hammamet TUN"]
[Date "2016.12.02"]
[Round "8"]
[White "Bouchamla, Alaa"]
[Black "Baktache, Hamza"]
[Result "1/2-1/2"]
[WhiteElo "1670"]
[BlackElo "1632"]
[EventDate "2016.11.26"]
[PlyCount "35"]

1.e4 e6 2.d4 d5 3.Nd2 Nf6 4.e5 Nfd7 5.Bd3 c5 6.c3 Nc6 7.Ne2 cxd4 8.cxd4 f6
9.Nf4 Qe7 10.Qh5+ Qf7 11.Bg6 hxg6 12.Qxh8 Nxd4 13.O-O Nxe5 14.Nb3 Nxb3 15.
axb3 Bd7 16.Be3 Nc6 17.Bb6 e5 18.Rfe1 1/2-1/2

[Event "28th Africa-ch U20"]
[Site "Hammamet TUN"]
[Date "2016.12.03"]
[Round "9"]
[White "Aloulou, Mahmoud"]
[Black "Aguiar, Cristiano"]
[Result "1/2-1/2"]
[WhiteElo "1722"]
[BlackElo "2205"]
[EventDate "2016.11.26"]
[PlyCount "60"]

1.e4 e5 2.Nf3 Nc6 3.d4 d6 4.dxe5 dxe5 5.Qxd8+ Kxd8 6.Bc4 f6 7.Be3 Na5 8.
Be2 Be6 9.Nbd2 c5 10.O-O-O Kc7 11.Kb1 c4 12.c3 Bd6 13.Ka1 Ne7 14.h3 b5 15.
Ne1 Rhb8 16.Nc2 Nec6 17.Bg4 Bf7 18.Be2 Rd8 19.Nb1 Nb7 20.Nba3 a6 21.h4 Nc5
22.f3 Na4 23.Rhe1 Rab8 24.Rh1 Bc5 25.Bxc5 Nxc5 26.Ne3 Rxd1+ 27.Rxd1 Rd8 
28.Rxd8 Nxd8 29.Nf5 Nde6 30.g3 g5 1/2-1/2

[Event "28th Africa-ch U20"]
[Site "Hammamet TUN"]
[Date "2016.12.03"]
[Round "9"]
[White "Silva, David"]
[Black "Nassr, Ahmed"]
[Result "0-1"]
[WhiteElo "2256"]
[BlackElo "2052"]
[EventDate "2016.11.26"]
[PlyCount "81"]

1.e4 c5 2.Nf3 e6 3.g3 Nc6 4.Bg2 d6 5.O-O Nf6 6.d3 Rb8 7.a4 a6 8.c4 Qc7 9.
Nc3 Be7 10.h3 Bd7 11.Be3 O-O 12.g4 Nb4 13.d4 cxd4 14.Nxd4 Rfc8 15.g5 Ne8 
16.Rc1 Qa5 17.Nb3 Qd8 18.f4 Rxc4 19.Qd2 g6 20.f5 exf5 21.Nd4 Ng7 22.exf5 
Nxf5 23.Nxf5 Bxf5 24.Rxf5 gxf5 25.Rf1 Qd7 26.Qe2 Rbc8 27.Qh5 Qe6 28.Bd2 
Qg6 29.Qxg6+ hxg6 30.Bxb7 R8c7 31.Bf3 Rh4 32.Be2 a5 33.Bf4 Rc8 34.Kg2 Kg7 
35.Kg3 Rh7 36.Rd1 Kf8 37.Rd4 Ke8 38.Bb5+ Kf8 39.Bd7 Rc7 40.Nd5 Nxd5 41.
Rxd5 0-1

[Event "28th Africa-ch U20"]
[Site "Hammamet TUN"]
[Date "2016.12.03"]
[Round "9"]
[White "Baktache, Hamza"]
[Black "Hbacha, Achraf"]
[Result "0-1"]
[WhiteElo "1632"]
[BlackElo "2057"]
[EventDate "2016.11.26"]
[PlyCount "70"]

1.d4 Nf6 2.Nf3 g6 3.c4 Bg7 4.g3 O-O 5.Bg2 d6 6.O-O Nbd7 7.Nc3 c5 8.e4 cxd4
9.Nxd4 Qb6 10.Nf3 Nc5 11.Qe2 Be6 12.Kh1 Qa6 13.Nd2 Rac8 14.Rb1 Nfd7 15.a3 
Bxc3 16.bxc3 Ne5 17.Qe3 Nxc4 18.Qh6 Nd3 19.Nf3 f6 20.Nd4 Bf7 21.Bh3 Rc5 
22.Ne6 Bxe6 23.Bxe6+ Rf7 24.Bxf7+ Kxf7 25.Qxh7+ Ke8 26.Qxg6+ Kd8 27.Qg8+ 
Kd7 28.Kg2 Qc6 29.Qg4+ f5 30.Qh4 fxe4 31.Kg1 Nce5 32.Qh8 Nf3+ 33.Kh1 e3 
34.Bxe3 Nde1 35.Rfxe1 Nxe1+ 0-1

[Event "28th Africa-ch U20"]
[Site "Hammamet TUN"]
[Date "2016.12.03"]
[Round "9"]
[White "Ben Brahem, Aymen"]
[Black "Houimel, Omar"]
[Result "1-0"]
[WhiteElo "1733"]
[BlackElo "1980"]
[EventDate "2016.11.26"]
[PlyCount "83"]

1.e4 c5 2.Nc3 e6 3.f4 a6 4.Nf3 d5 5.d3 Nf6 6.Qe2 b5 7.g3 Bb7 8.Bg2 b4 9.e5
bxc3 10.exf6 Qxf6 11.Ne5 Bd6 12.bxc3 Nc6 13.Rb1 Qe7 14.O-O O-O 15.Ba3 Qc7 
16.d4 Na5 17.Kh1 cxd4 18.Bxd6 Qxd6 19.cxd4 Qc7 20.Rb2 Bc6 21.Rfb1 Bb5 22.
Qd2 f6 23.Nd3 Nc4 24.Qc3 Qd6 25.Rb4 Ne3 26.Nc5 Nxg2 27.Kxg2 e5 28.fxe5 
fxe5 29.dxe5 Qc6 30.Qd4 Rac8 31.a4 Be2 32.Nb3 Qxc2 33.Nd2 Qg6 34.Qxd5+ Kh8
35.e6 Rfd8 36.Rc1 Ra8 37.Qe4 Bd3 38.Qxg6 Bxg6 39.Nf3 h5 40.Re1 Rd6 41.Nh4 
Be8 42.Nf5 1-0

[Event "28th Africa-ch U20"]
[Site "Hammamet TUN"]
[Date "2016.12.03"]
[Round "9"]
[White "Atia, Mohamed"]
[Black "Naser Eldean, Ahmed"]
[Result "1-0"]
[WhiteElo "1832"]
[BlackElo "1880"]
[EventDate "2016.11.26"]
[PlyCount "65"]

1.e4 c5 2.Nf3 d6 3.d4 cxd4 4.Nxd4 Nf6 5.Nc3 a6 6.Bc4 e6 7.Bb3 b5 8.a3 Be7 
9.Be3 Bd7 10.Qf3 Nc6 11.O-O-O O-O 12.Nxc6 Bxc6 13.g4 a5 14.g5 Nd7 15.Rhg1 
Qc7 16.Bd4 Nc5 17.Ba2 b4 18.Bxc5 bxc3 19.Bd4 cxb2+ 20.Bxb2 Rfc8 21.Qc3 Bf8
22.g6 Bxe4 23.gxh7+ Kh8 24.Rg3 Bxc2 25.Kxc2 Qb7 26.Bc4 Rxc4 27.Qxc4 Rc8 
28.Qxc8 Qxc8+ 29.Kb1 Qc5 30.Rc1 Qf5+ 31.Ka1 Kxh7 32.Rc8 Be7 33.Rxg7+ 1-0

[Event "28th Africa-ch U20"]
[Site "Hammamet TUN"]
[Date "2016.12.03"]
[Round "9"]
[White "Mulenga, Chileshe Rapheal"]
[Black "Mohammed, Naoueli"]
[Result "1/2-1/2"]
[WhiteElo "1915"]
[BlackElo "2044"]
[EventDate "2016.11.26"]
[PlyCount "84"]

1.d4 Nf6 2.Bf4 c5 3.c3 Qb6 4.Qb3 Qxb3 5.axb3 cxd4 6.Bxb8 Rxb8 7.Rxa7 dxc3 
8.bxc3 e5 9.Nf3 Bc5 10.Ra2 d6 11.b4 Bb6 12.e3 Be6 13.Rd2 Ke7 14.Be2 Ne4 
15.Rc2 Rbc8 16.Bd3 Nf6 17.Nfd2 d5 18.O-O Ra8 19.h3 Rhc8 20.Rfc1 h5 21.c4 
e4 22.Bf1 d4 23.exd4 Bxd4 24.Re1 b5 25.Nxe4 bxc4 26.Ng3 Kf8 27.Rec1 Rab8 
28.Bxc4 Rxb4 29.Nd2 Bxc4 30.Nxc4 g6 31.Nd2 Rxc2 32.Rxc2 Kg7 33.Ne2 Bb6 34.
g3 h4 35.Kg2 hxg3 36.fxg3 Nd5 37.Nf1 Rb1 38.Rd2 Nf6 39.Nc3 Rb3 40.Rc2 Bd4 
41.Ne2 Be5 42.Nd2 Rb5 1/2-1/2